La Roma imperial y el urbanismo en la antigüedad. Con 29 figuras y 16 láminas fuera del texto.
Furkejuvvon:
| Váldodahkki: | |
|---|---|
| Eará dahkkit: | |
| Materiálatiipa: | Girji |
| Giella: | espánnjágiella |
| Almmustuhtton: |
México, D.F., México:
UTEHA,
1956.
|
| Ráidu: | La Evolución de la Humanidad, 20.
|
| Fáttát: | |
| Fáddágilkorat: |
Lasit fáddágilkoriid
Eai fáddágilkorat, Lasit vuosttaš fáddágilkora!
|
MARC
| LEADER | 00000nam a2200000 a 4500 | ||
|---|---|---|---|
| 001 | UCV9293 | ||
| 003 | CL-VaPUC | ||
| 005 | 20220822114321.0 | ||
| 008 | 920805e19560000MX |||||||||||||||||spa|d | ||
| 999 | |c 214655 |d 214653 | ||
| 040 | |c Pontificia Universidad Católica de Valparaíso | ||
| 082 | 0 | 4 | |a 711.409 HOM 1956 |2 21 |
| 100 | |a Homo, León |e autor |9 439461 | ||
| 245 | 1 | 3 | |a La Roma imperial y el urbanismo en la antigüedad. |b Con 29 figuras y 16 láminas fuera del texto. |
| 260 | |a México, D.F., México: |b UTEHA, |c 1956. | ||
| 300 | |a XVII, 487 páginas. | ||
| 490 | 0 | |a La Evolución de la Humanidad, 20. | |
| 500 | |a c.4 Donación Familia Prof. Alejandro Guzmán Brito. | ||
| 583 | |a last modification |c 19920805 00:00:00 |k Rodrigo Vera | ||
| 650 | 0 | |a Urbanismo |9 255208 |x Historia antigua | |
| 651 | 0 | |a Roma(Imperio) |9 862914 |x Historia | |
| 700 | |a Almoina, José |e traducción al castellano |9 866060 | ||
| 942 | |c BK |2 ddc |n 0 | ||
| 945 | |d 19920805 00:00:00 | ||
| 952 | |0 0 |1 0 |4 0 |6 711_409000000000000_HOM_1956 |7 0 |8 P |9 198266 |a BIBARQ |b BIBARQ |d 2019-11-14 |i 2657775 |o 711.409 HOM 1956 |p 2657775 |r 2025-01-20 |w 2019-11-14 |y BK |k ARQ | ||
| 952 | |0 0 |1 0 |4 0 |6 711_409000000000000_HOM_1956 |7 0 |8 A |9 198267 |a BIBHIS |b BIBHIS |d 2019-11-14 |i 1368524 |o 711.409 HOM 1956 |p 1368524 |r 2025-01-20 |w 2019-11-14 |y BK |k HIS | ||
| 952 | |0 0 |1 0 |4 0 |6 711_409000000000000_HOM_1956 |7 0 |8 A |9 198268 |a BIBHIS |b BIBHIS |d 2019-11-14 |i 1368532 |o 711.409 HOM 1956 |p 1368532 |r 2025-01-20 |w 2019-11-14 |y BK |k HIS | ||
| 952 | |0 0 |1 0 |2 ddc |4 0 |6 711_409000000000000_HOM_1956 |7 1 |8 C_AGB |9 580939 |a BIBDER |b BIBDER |d 2022-01-28 |e Donación |i 5642833 |o 711.409 HOM 1956 |p 5642833 |r 2023-01-25 |t 4 |w 2022-01-28 |y BK_US |k AGB | ||